Statistiken für Deutsche Lieder nach Buchstabe - P

Klicken Sie hier um das Quiz zu spielen!

Allgemein

  • Dieses Quiz wurde 115 mal gespielt
  • Das Durchschnittsergebnis liegt bei 5 aus 18

Antwortstatistiken

TitelInterpret% Korrekt
Perfekte WelleJuli
86%
PocahontasAnnenMayKantereit
68%
Palmen aus PlastikRAF Camora & Bonez MC
49%
PflasterIch + Ich
47%
Polonäse BlankeneseGottlieb Wendehals
39%
PhänomenalPietro Lombardi
37%
Panamera FlowBushido feat. Shindy
31%
PapayaAlexander Marcus
27%
PrinzesschenLaFee
22%
Prison Break Anthem (Ich glaub’ an dich)Azad feat. Adel Tawil
21%
Polka Polka PolkaBrings
15%
PizzaAntilopen Gang
14%
Poesie AlbumSamy Deluxe
13%
Pump ab das BierWerner Wichtig
7%
Pures GoldNorman Langen
6%
Pure Vernunft darf niemals siegenTocotronic
5%
Plattenbau O.S.T.Zugezogen Maskulin
4%
PhaseOlli Schulz
3%

Verteilung der Resultate

Perzentil nach korrekt beantworteten Fragen

Anzahl Personen mit jedem Resultat

Ihre Resultats-Entwicklung

Sie haben dieses Quiz noch nicht gespielt